| 000 | 00838cam a22003017a 4500 | ||
|---|---|---|---|
| 999 |
_c4633 _d4633 |
||
| 001 | 4504550 | ||
| 003 | GZU | ||
| 005 | 20210317091742.0 | ||
| 008 | 971106s1997 rh 000 0 sna | ||
| 010 | _a 97981473 | ||
| 020 | _a1779002920 | ||
| 035 | _a(DLC) 97981473 | ||
| 040 |
_aDLC _cDLC _dDLC |
||
| 042 | _alcode | ||
| 050 | 0 | 0 | _aPL8681 |
| 100 | 1 | _aMujajati, George. | |
| 245 | 1 | 0 |
_aZinyekenyeke : _bmitambo miviri / _cGeorge Mujajati. |
| 246 | 1 | 5 | _aYorire ngoma |
| 260 |
_aHarare : _bCollege Press, _c1997. |
||
| 300 |
_a115 p. ; _c21 cm. |
||
| 490 | 1 | _aModern writers | |
| 520 | _aTwo plays. | ||
| 546 | _aIn Shona. | ||
| 830 | 0 | _aModern writers (Harare, Zimbabwe) | |
| 906 |
_a7 _bcbc _corigode _du _encip _f19 _gy-gencatlg |
||
| 942 |
_2lcc _cBK _h8681 _iMUJ _kPL _m1997 |
||